Quizzes
Events
Quiz Creation
Community
Videos
Private Events
Remove Ads
Sign In
Join for FREE
Feedback
Dark Mode
Quiz Categories
Sports
Geography
Music
Movies
Television
Just For Fun
Miscellaneous
History
Literature
Language
Science
Gaming
Entertainment
Religion
Holiday
For Kids
Quiz Lab
Recent
Popular Today
Quiz Kudos Today
Editor Picks
Curator Picks
Quizzes by...
Day
Popularity
Type
Ratings
Length
Year
Community
Subscriptions
Recent Discussions
Orange Saloon
Badges
Playlists
Quests
Create
Leaderboards
Showdown
Live 5
Trivia Bingo
Activity
Puzzle Library
Sporcle Events
Private Events
Virtual Trivia
Globe League
Become a Host
Pub Owners
SporcleCon
Opinionation
Our Games
Videos
Blog
Mobile Apps
Partnerships
Remove Ads and Go Orange
Feedback
Literature
Harry Potter
A Song of Ice and Fire
The Hunger Games
Literary Character
Shakespeare
Book
Author
Novel
Poem
Young Adult
Children's Books
Play
Lord of the Rings
Literature
Harry Potter
A Song of Ice and Fire
The Hunger Games
Literary Character
Shakespeare
Book
Author
Novel
Poem
Young Adult
Children's Books
Play
Lord of the Rings
Random Quiz
Search Sporcle
×
Quiz Lab
Quiz Lab
Literature
Play
Type in answers that appear in a list
Type in answers that appear in a list
Classic
Best Score? Go Orange.
Macbeth - the Captain's report Stats
Can you name the words in the Captain's report of the battle in Act I, sc. ii of Macbeth?
By
TheMightyQuinn
15m
299 Questions
32 Plays
32 Plays
32 Plays
Comments
Comments
Give Quiz Kudos
Give Quiz Kudos
-
- Ratings
hide this ad
More Info
Replay
Link that replays current quiz
Next Quiz
Link to next quiz in quiz playlist
You Got
0%
They Got
Avg Score
66%
Avg Friend Score
Upgrade to see
Score Distribution
Jump to the score distribution portion of the page
Score
0/299
Timer
15:00
0
Plays Today
Character
% Correct
as
100%
it.
100%
As
100%
Malcolm:
This
100%
Duncan:
O
96.9%
valiant
96.9%
cousin!
96.9%
Worthy
96.9%
gentleman!
96.9%
not
96.9%
Duncan
Dismayed
96.9%
this
96.9%
our
96.9%
captains,
96.9%
Macbeth
96.9%
and
96.9%
Banquo?
96.9%
Duncan
So
96.9%
well
96.9%
thy
96.9%
words
96.9%
become
96.9%
thee
96.9%
thy
96.9%
wounds;
96.9%
They
96.9%
smack
96.9%
of
96.9%
honour
96.9%
both.
96.9%
Go
96.9%
get
96.9%
him
96.9%
surgeons.
96.9%
leave
96.9%
didst
96.9%
thou
96.9%
broil
96.9%
the
96.9%
of
96.9%
knowledge
96.9%
the
96.9%
king
96.9%
the
96.9%
to
96.9%
Say
96.9%
friend!
96.9%
brave
96.9%
Hail,
96.9%
captivity.
96.9%
my
96.9%
'Gainst
96.9%
fought
96.9%
soldier
96.9%
hardy
96.9%
and
96.9%
good
96.9%
a
96.9%
like
96.9%
Who
96.9%
sergeant
96.9%
the
96.9%
is
96.9%
th'
84.4%
The
81.3%
to
81.3%
a
81.3%
to
81.3%
The
81.3%
the
81.3%
a
81.3%
the
81.3%
to
81.3%
the
81.3%
to
81.3%
the
81.3%
to
81.3%
to
81.3%
the
81.3%
a
81.3%
the
81.3%
the
81.3%
the
81.3%
to
81.3%
And
75%
and
75%
And
75%
Macbeth—
75%
And
75%
and
75%
and
75%
it
71.9%
As
71.9%
he
71.9%
he
71.9%
he
71.9%
Captain:
As
71.9%
No
71.9%
as
71.9%
I
71.9%
Character
% Correct
I
71.9%
As
71.9%
I
71.9%
I
71.9%
two
68.8%
for
68.8%
him—
68.8%
from
68.8%
For
68.8%
him,
68.8%
him
68.8%
from
68.8%
nave
68.8%
from
68.8%
for
68.8%
that
65.6%
that
65.6%
of
65.6%
Of
65.6%
is
65.6%
like
65.6%
that
65.6%
Like
65.6%
chops,
65.6%
our
65.6%
that
65.6%
of
65.6%
of
65.6%
or
65.6%
Or
65.6%
swimmers
62.5%
cling
62.5%
together
62.5%
Worthy
62.5%
be
62.5%
well
62.5%
deserves
62.5%
name—
62.5%
nor
62.5%
So
62.5%
King
62.5%
they
62.5%
were
62.5%
So
62.5%
they
62.5%
they
62.5%
stood,
59.4%
do
59.4%
Do
59.4%
his
59.4%
brave
59.4%
with
59.4%
his
59.4%
with
59.4%
bloody
59.4%
his
59.4%
his
59.4%
head
59.4%
his
59.4%
with
59.4%
With
59.4%
with
59.4%
in
59.4%
my
59.4%
Captain:
Doubtful
56.3%
their
56.3%
art.
56.3%
Macdonwald—
56.3%
upon
56.3%
But
56.3%
Which
56.3%
out
56.3%
Till
56.3%
Which
56.3%
hands,
56.3%
Till
56.3%
unseamed
56.3%
upon
56.3%
their
56.3%
But
56.3%
Norweyan
56.3%
If
56.3%
upon
56.3%
wounds,
56.3%
another
56.3%
But
56.3%
am
56.3%
spent
53.1%
choke
53.1%
merciless
53.1%
too
53.1%
valour's
53.1%
minion
53.1%
ne'er
53.1%
had,
53.1%
valour
53.1%
these
53.1%
lord,
53.1%
say
53.1%
memorise
53.1%
Character
% Correct
rebel,
50%
nature
50%
Isles
50%
kerns
50%
on
50%
smiling,
50%
rebel's
50%
wh*re.
50%
all's
50%
brandished
50%
steel,
50%
smoked
50%
execution,
50%
carved
50%
faced
50%
slave;
50%
farewell
50%
battlements.
50%
sun
50%
come
50%
Scotland,
50%
skipping
50%
kerns
50%
arms
50%
men,
50%
Captain
Yes,
50%
sparrows
50%
eagles,
50%
hare
50%
lion.
50%
must
50%
meant
50%
bathe
50%
reeking
50%
Golgotha,
50%
cannot
50%
cry
50%
multiplying
46.9%
villainies
46.9%
swarm
46.9%
Western
46.9%
gallowglasses
46.9%
supplied,
46.9%
fortune,
46.9%
damnèd
46.9%
weak,
46.9%
Disdaining
46.9%
fortune,
46.9%
passage
46.9%
shook
46.9%
bade
46.9%
fixed
46.9%
whence
46.9%
'gins
46.9%
whence
46.9%
swells.
46.9%
Mark,
46.9%
mark:
46.9%
sooner
46.9%
armed,
46.9%
Compelled
46.9%
trust
46.9%
heels,
46.9%
surveying
46.9%
vantage,
46.9%
new
46.9%
Began
46.9%
fresh
46.9%
assault.
46.9%
sooth,
46.9%
cannons
46.9%
overcharged
46.9%
double
46.9%
cracks,
46.9%
doubly
46.9%
redoubled
46.9%
strokes
46.9%
foe.
46.9%
tell—
46.9%
faint,
46.9%
gashes
46.9%
help.
46.9%
Showed
43.8%
reflection
43.8%
Shipwracking
43.8%
storms
43.8%
direful
43.8%
spring
43.8%
comfort
43.8%
seemed
43.8%
Discomfort
43.8%
furbished
43.8%
supplies
43.8%
report
43.8%
quarrel
40.6%
justice
40.6%
Except
40.6%
thunders
37.5%
break,
34.4%
Quiz Playlist
Details
Report
Send in Message
Add To Playlist
More Info:
I have included all of Act II sc. ii minus Duncan's initial line, but you only have to remember what the captain says (if you can!).
Classic:
Type in answers that appear in a list
Last Updated: Nov 24, 2017
Quiz Scoreboard
CHALLENGE
Sign Up to Join the Scoreboard
Show All
Scores
Hide
Comments
May contain spoilers
Recently Published
9x9 Crossword: Cartoon Network
by jackfrog10
Miscellaneous
3m
College Basketball Coaching Resumes
by pancakes188
Sports
9m
Billboard Blitz: Fleetwood Mac
by CooCooCachoo
Music
15s
More to Explore
Quiz From the Vault
Featured Blog Post
Where Did the Easter Bunny Come From?
hide this ad
You Might Also Like...
Tags
Play Quiz
Shakespeare Quiz
17th Century
Macbeth
Tragedy
Today's Top Quizzes in Literature
Browse Literature
hide this ad
Today's Top Quizzes in Play
Browse Play
Top Contributed Quizzes in Literature
1
Sneaky Slytherin Logic Puzzle
2
Get The Picture: Black or White Literature
3
5-to-1: Plays
4
A Court of Thorns and Roses (ACoTaR) Logic Puzzle
5
One Thing in Common: Literature
6
One Thing in Common: Literature II
7
One Thing in Common: Literature 3
8
One Thing in Common: Books
9
Literary Siblings Odd One Out III
10
Harry Potter Neighbourly Logic Puzzle #1
Explore More
Trending Topics
Marvel
NBA
Harry Potter
Anime
Disney
Kpop
Crossword
Pokémon
WWE
Song
Country
The Office
Soccer
Puzzle
NFL
hide this ad
More By:
TheMightyQuinn
Quiz
Plays
Rating
Category
Featured
Created
Frasier 10-to-1
4,773
4.93
Television
May 25, 2016
5 Largest World Cities per Letter
1,592
4.56
Geography
Apr 22, 2013
1992/93 Premier League Champions Picture Click
1,206
3.67
Sports
Jun 21, 2016
BBC Culture's 20 Greatest Novels of the 21st Century
884
4.36
Literature
Jun 27, 2015
Former French Empire's largest cities
833
4.27
Geography
Apr 22, 2013
Go to Creator's Profile
Score Distribution
Quiz Creator Spotlight
TheMightyQuinn
Follow
Send a Message
Quizzes Created
-
Created Quiz Play Count
-
More By This Creator
Popular Quizzes Today
1
Find the US States - No Outlines Minefield
2
Find the Countries of Europe - No Outlines Minefield
3
The Countries of the World
4
Find the US States
5
Risky Map Clicking: Biggest States A-Z
6
US States
7
Popular People in 1961
8
Movies - When Are They Set?
More Literature Quizzes
Hunger Games-Who Said It?
Curator's Pick
Trending Quizzes
Risky Map Clicking: Least Populous States A-Z
1-10 Letter G Words
Risky Map Clicking: Next State Alphabetically
Adjectives in 80s TV Shows
Risky Map Clicking: Biggest States A-Z
Recently Updated
Leaping Animals
pecheneg
Reality TV Shows (A-Z)
bhenderson79
Rickey Henderson's Hall of Fame Teammates
pecheneg
Champions League XIs: Arsenal
pecheneg
Quick Pick: Celebrities in WWE's Hall of Fame
aduchscher
A-Z Keypad Blitz II
pecheneg
Multiple Oscar Actors
pecheneg
Mystery Phrase Blitz: Oscar 'Best Actors'
pecheneg
F. Scott Fitzgerald Novels
LTH
Pick 3 Villains
ddd62291
Trending Topics
Marvel
Harry Potter
Disney
Kpop
NBA
Anime
Crossword
WWE
Song
Soccer
The Office
NFL
Pokémon
Country
Puzzle
Your Account Isn't Verified!
In order to create a playlist on Sporcle, you need to verify the email address you used during registration. Go to your
Sporcle Settings
to finish the process.
Report this User
Report this user for behavior that violates our
Community Guidelines
.
Details:
Send Report
Go to the Sporcle.com Mobile Site →
Comments